000 00772nam a22002653 4500
001 27830
003 BD-RJUL
005 20211209051216.0
008 140327s19521912enk 000 0
035 _a(BD-RJUL)27909
040 _aBD-RjUL
_beng
_cBD-RjUL
041 _aeng
082 _a821.04
_bBOO 1952
100 1 _aJohnson, Reginald Brimley
_985423
245 1 2 _aA book of British ballads /
_cselected and arranged by R.B. Johnson.
260 _aLondon :
_cc 1912[reprinting1952]
_bdent & sons,
300 _c14 cm.
_a333 and 16 ;
490 1 _aEveryman's libr.
_v572
504 _aincludes index
690 0 0 _aEnglish poetry
_xCollections
_2pre20
_966
830 0 _v572
_985430
752 _aEngland
_dLondon
830 0 _aEveryman's libr.
_985431
942 _2ddc
_cBK
999 _c27830
_d27830